Normal view MARC view

Entry Personal Name

Number of records used in: 1

001 - CONTROL NUMBER

  • control field: 1141381

003 - CONTROL NUMBER IDENTIFIER

  • control field: OSt

005 - DATE AND TIME OF LATEST TRANSACTION

  • control field: 20260324112123.0

008 - FIXED-LENGTH DATA ELEMENTS

  • fixed length control field: 260324|| aca||aabn | a|a d

040 ## - CATALOGING SOURCE

  • Original cataloging agency: OSt
  • Transcribing agency: OSt

100 ## - HEADING--PERSONAL NAME

  • Personal name: Carol S. Leonard; Daniel Orlovsky; Jurej Petrov

670 ## - SOURCE DATA FOUND

  • Source citation: Work cat.: (OSt)1730464: Carol S. Leonard; Daniel Orlovsky; Jurej Petrov, The Russian Revolution of 1917 - Memory and Legacy
Copyright @ Delhi University Library System